| 000 | 00500nam a2200169 4500 | ||
|---|---|---|---|
| 001 | 138450 | ||
| 003 | ES-MaACL | ||
| 005 | 20230906195552.0 | ||
| 007 | t| | ||
| 008 | 070214s1933 sp r ||||1| spa d | ||
| 245 | 0 | 3 | _aLa sanidad en la República. |
| 260 |
_aMadrid : _b[s. n.], _c1933 ( _fImp. Gráfica) |
||
| 300 |
_a70 p. ; _c19 x 14 cm. |
||
| 500 | _aPrecede al tít.: Ministerio de la Gobernación. | ||
| 710 | 1 |
_aEspaña. _bMinisterio de Gobernación. _93872 |
|
| 852 |
_aES-MaACL _j1777-F-11 |
||
| 999 |
_c138450 _d138450 |
||